Global Cuisine by Images - G - Statistics

General Stats
  • This quiz has been taken 51 times
  • The average score is 4 of 16
Answer Stats
Picture Answer % Correct
Gelato
89%
Gnocchi
61%
Greek Salad
61%
Gazpacho
59%
Goulash
54%
Gyoza
48%
Gyudon
9%
Golabki
7%
Gajar Halwa
2%
Galinhada
2%
Grillades
2%
Gaisburger Marsch
0%
Gateau nantais
0%
Ghoriba
0%
Goro
0%
Goxua
0%
No matching quizzes found
Score Distribution
Percent of People with Each Score
Percentile by Number Answered
Your Score History
You have not taken this quiz